00000000nam##2200000za#4500
0019.557679
003CaOODSP
00520210624172017
007cr |||||||||||
008150406|2001||||xxc|||||o    f|0| 0 eng|d
040 |aCaOODSP|beng
043 |an-cn---
0861 |aNH18-22/95-205E-IN
1102 |aCanada Mortgage and Housing Corporation.
24510|aDuct cleaning |h[electronic resource]
260 |aOttawa - Ontario : |bCanada Mortgage and Housing Corporation
300 |a4p. (57 KB)
4901 |aResearch and development highlights; technical series |v95-205
590 |a01-12|b2001-03-23
69007|aHousing|2gcpds
69007|aAir quality|2gcpds
69007|aHeating|2gcpds
77508|tLe nettoyage des conduits / |w(CaOODSP)9.607644
830#0|aResearch and development highlights; technical series ;|v95-205|w(CaOODSP)9.504481
85640|ahttp://publications.gc.ca|qPDF|s57 KB|uhttps://publications.gc.ca/collections/Collection/NH18-22-95-205E.pdf|y95-205